000 00607nam a2200241 a 4500
001 nice12345678
003 IN_TiNIC
005 20260116011447.0
008 050524s1899 a grp 000 0 urd
020 _a
_c100
082 0 0 _a297.294
_bSAD
100 _aSadak, G M B H
245 _aTohuftulhind Or Religious Preaching
_b Comparison of Hinduism and Islam.
260 _a
_b
_c1899
300 _a294p
500 _aincludes index and biblioraphy
505 2 _aList of Patrons
650 _aIslam-Apologetic Works
700 1 _aSadak, G M B H
902 _bSRS
942 _cBK
999 _c1739
_d1739